US States Neighbour Connect and Jump: Largest, with Map - Statistics

General Stats
  • This quiz has been taken 471 times
  • The average score is 36 of 50
Answers on the Map
Answers color-coded by a green-red scale on the quiz's map according to % correct below.
 
Answer Stats
State % Correct
Alaska
99%
Texas
98%
New Mexico
95%
Arizona
94%
California
94%
Nevada
94%
Oregon
93%
Idaho
92%
Montana
92%
Colorado
91%
Utah
91%
Wyoming
91%
Minnesota
78%
Michigan
77%
Nebraska
77%
South Dakota
77%
Wisconsin
77%
Kansas
76%
Oklahoma
76%
Illinois
75%
Iowa
75%
Missouri
75%
Florida
72%
North Dakota
72%
Washington
72%
Georgia
71%
North Carolina
70%
Virginia
69%
Tennessee
68%
Arkansas
67%
Louisiana
66%
Mississippi
66%
Alabama
65%
New York
64%
Ohio
62%
Pennsylvania
62%
Indiana
61%
Kentucky
61%
Maine
61%
New Hampshire
60%
Massachusetts
59%
Vermont
59%
South Carolina
58%
West Virginia
56%
Maryland
55%
Delaware
53%
New Jersey
53%
Connecticut
52%
Hawaii
52%
Rhode Island
52%
No matching quizzes found
Score Distribution
Percent of People with Each Score
Percentile by Number Answered
Your Score History
You have not taken this quiz